Vè chống phong kiến đế quốc Q.1 Vè chống phong kiến đế quốc
Giới thiệu những bài vè kêu gọi, động viên, khuyên nhủ, tuyên truyền cách mạng và vè kể về tội ác phong kiến đế quốc: vè bắt lính, vè nhà tù, đi phu đào sông, nạn sưu thuế, vè càn quét, bắn giết, đốt phá, vè cảnh khổ dưới thời Pháp thống trị...
Guardat en:
| Autor principal: | |
|---|---|
| Format: | Llibre |
| Idioma: | Vietnamese |
| Publicat: |
H.
Khoa học xã hội
2015
|
| Matèries: | |
| Etiquetes: |
Afegir etiqueta
Sense etiquetes, Sigues el primer a etiquetar aquest registre!
|
| Thư viện lưu trữ: | Mạng thư viện Đại học Đà Nẵng |
|---|
| LEADER | 02109aam a22004218a 4500 | ||
|---|---|---|---|
| 001 | 000023728 | ||
| 003 | 20181 | ||
| 005 | 20160115120136.0 | ||
| 008 | 160115s2015 viesd | ||
| 020 | |d 2000b | ||
| 041 | 0 | |a vie | |
| 082 | 0 | 4 | |2 23 |a 398.8409597 |b VU-H |
| 100 | 1 | |a Vũ Tố Hảo | |
| 245 | 1 | 0 | |a Vè chống phong kiến đế quốc |c Vũ Tố Hảo b.s. |n Q.1 |p Vè chống phong kiến đế quốc |
| 260 | |a H. |b Khoa học xã hội |c 2015 | ||
| 300 | |a 515 tr. |c 21 cm. | ||
| 500 | |a ĐTTS ghi: Hội Văn nghệ dân gian Việt Nam | ||
| 520 | |a Giới thiệu những bài vè kêu gọi, động viên, khuyên nhủ, tuyên truyền cách mạng và vè kể về tội ác phong kiến đế quốc: vè bắt lính, vè nhà tù, đi phu đào sông, nạn sưu thuế, vè càn quét, bắn giết, đốt phá, vè cảnh khổ dưới thời Pháp thống trị | ||
| 650 | 0 | 4 | |2 Bộ TK TVQG |a Văn học dân gian |x Chế độ phong kiến |
| 650 | 7 | |2 Bộ TK TVQG | |
| 651 | 7 | |2 Bộ TK TVQG |a Việt Nam | |
| 653 | |a Vè | ||
| 653 | |a Chế độ phong kiến | ||
| 655 | 7 | |2 Bộ TK TVQG |a Vè | |
| 773 | |a Vũ Tố Hảo |d H. |d Khoa học xã hội |d 2015 |n ĐTTS ghi: Hội Văn nghệ dân gian Việt Nam |t Vè chống phong kiến, đế quốc |w 667549 |z 9786049025136 | ||
| 773 | |d Khoa học xã hội |d H. |d 2015 |t Vè chống phong kiến đế quốc |w 20180 | ||
| OWN | |a LSP | ||
| AVA | |a UDN50 |b LNN |d 398.8409597 VU-H |e available |t Error 5001 Not defined in file expand_doc_bib_avail. |f 1 |g 0 |h N |i 0 | ||
| AVA | |a UDN50 |b LSP |d 398.8409597 VU-H |e available |t Error 5001 Not defined in file expand_doc_bib_avail. |f 1 |g 0 |h N |i 0 |k 1 | ||
| 999 | |a From the UDN01 | ||
| AVA | |a UDN50 |b LNN |d 398.8409597 VU-H |e available |t Error 5001 Not defined in file expand_doc_bib_avail. |f 1 |g 0 |h N |i 0 | ||
| AVA | |a UDN50 |b LSP |d 398.8409597 VU-H |e available |t Error 5001 Not defined in file expand_doc_bib_avail. |f 1 |g 0 |h N |i 0 |k 1 | ||
| TYP | |a Monograph | ||
| TYP | |a Printed language | ||
| 980 | |a Mạng thư viện Đại học Đà Nẵng | ||


